Missing Word: We Didn't Start the Fire (A-Z) Quiz Stats

Quiz Updated May 6, 2016

Challenge
Share
Tweet
Embed
Score 0/24 Timer 03:00
0 Plays Today
Lyric Missing Word % Correct
_____ PresleyElvis
98.4%
Rock _____ the ClockAround
98.4%
Marilyn _____Monroe
98.1%
The Catcher in the ___Rye
97%
Wheel of _____Fortune
96.6%
England's got a new _____Queen
96%
Malcolm _____X
95.7%
The _____ and IKing
95.1%
_____ DeanJames
91.9%
_____ MetalHeavy
90.7%
Richard _____ back againNixon
88.7%
Ayatollah's in _____Iran
80.5%
Lyric Missing Word % Correct
Brooklyn's got a _____ teamWinning
71.8%
Princess _____Grace
68.9%
China's _____ Martial LawUnder
62.8%
_____ MissOle
61.6%
_____ DayDoris
60.6%
_____ PlacePeyton
60.3%
_____ BlocCommunist
58.7%
_____ BeatlemaniaBritish
53.8%
Homeless _____Vets
52.5%
Trouble in the ____Suez
45%
_____ beats PattersonListon
32.9%
Children of _____Thalidomide
27.4%

Today's Daily Dose

Word Ladder
TV Networks

Quick Pick
Medical Terms

On This Day
May 21st II

You're not logged in!

Compare scores with friends on all Sporcle quizzes.
Join for Free
OR
Log In

You Might Also Like...

Show Comments

Extras

Top Quizzes Today


Score Distribution

Your Account Isn't Verified!

In order to create a playlist on Sporcle, you need to verify the email address you used during registration. Go to your Sporcle Settings to finish the process.

Report this User

Report this user for behavior that violates our Community Guidelines.

Details: